Численные методы и средства проектирования и испытания элементов РЭА: тезисы докладов

Bibliographic Details
Corporate Author: Таллинский политехнический институт (ТПИ)
Language:Russian
Published: Таллин, Изд-во ТалПИ, 1987-
Format: MixedMaterials Book
KOHA link:https://koha.lib.tpu.ru/cgi-bin/koha/opac-detail.pl?biblionumber=268324

MARC

LEADER 00000nam1a2200000 4500
001 268324
005 20231031224048.0
035 |a (RuTPU)RU\TPU\book\291475 
090 |a 268324 
100 |a 20140901d1987 k y0rusy50 ca 
101 0 |a rus 
102 |a EE 
200 1 |a Численные методы и средства проектирования и испытания элементов РЭА  |e тезисы докладов  |f Таллинский политехнический институт (ТПИ) 
210 |a Таллин  |c Изд-во ТалПИ  |d 1987- 
712 0 2 |a Таллинский политехнический институт (ТПИ)  |c (1941-1989)  |2 stltpush  |3 (RuTPU)RU\TPU\col\12417 
801 1 |a RU  |b 63413507  |c 20140901 
801 2 |a RU  |b 63413507  |c 20141125  |g RCR 
942 |c BK